Quizzes
Events
Quiz Creation
Community
Videos
Private Events
Remove Ads
Sign In
Join for FREE
Feedback
Dark Mode
Quiz Categories
Sports
Geography
Music
Movies
Television
Just For Fun
Miscellaneous
History
Literature
Language
Science
Gaming
Entertainment
Religion
Holiday
For Kids
Quiz Lab
Recent
Popular Today
Quiz Kudos Today
Editor Picks
Curator Picks
Quizzes by...
Day
Popularity
Type
Ratings
Length
Year
Community
Subscriptions
Recent Discussions
Orange Saloon
Badges
Playlists
Quests
Create
Leaderboards
Showdown
Live 5
Trivia Bingo
Activity
Puzzle Library
Sporcle Events
Private Events
Virtual Trivia
Globe League
Become a Host
Pub Owners
SporcleCon
Opinionation
Our Games
Videos
Blog
Mobile Apps
Partnerships
Remove Ads and Go Orange
Feedback
Science
Computer
Plants
Astronomy
Chemistry
Elements
Math
Animal
Physics
Anatomy
Biology
Geology
General Science
Science
Computer
Plants
Astronomy
Chemistry
Elements
Math
Animal
Physics
Anatomy
Biology
Geology
General Science
Random Quiz
Search Sporcle
×
Quiz Lab
Quiz Lab
Science
Clickable
Select answers by clicking on text or image buttons
Select answers by clicking on text or image buttons
Clickable
Best Score? Go Orange.
Geometry Figures Stats
Can you match the Geometry Figures?
By
ALEXERNST
10m
20 Questions
71 Plays
71 Plays
71 Plays
Comments
Comments
Give Quiz Kudos
Give Quiz Kudos
-
- Ratings
hide this ad
Random Order
Randomize order of answers
Randomize order of answers
Replay
Link that replays current quiz
Next Quiz
Link to next quiz in quiz playlist
You Got
0%
They Got
Avg Score
74%
Avg Friend Score
Upgrade to see
Score Distribution
Jump to the score distribution portion of the page
Score
0/20
Timer
10:00
0
Plays Today
% Correct
Eight sides
94.4%
Six sides
87.3%
Four sides, all right angles, all congruent sides
84.5%
Three sides
83.1%
One hundred and eighty degree angle
83.1%
Ninety degree angle
81.7%
Distance from center of a circle to the edge
81.7%
Four sides, right angles
78.9%
Three congruent sides
78.9%
Three sides, no congruent angles
78.9%
% Correct
Three sides, two congruent sides
77.5%
One point, infinite in one direction only
73.2%
Distance between the two farthest points on a circle
70.4%
Contained shape, no straight edges, perimeter=pi(r)2
69%
Four sides, two congruent legs
69%
At least two points, infinite length
66.2%
Line that touches a circle exactly once
66.2%
Two points, definite length
64.8%
Line with end points on a circumerfrence
52.1%
Two points, has direction and magnitude
42.3%
Quiz Playlist
Details
Report
Send in Message
Add To Playlist
Clickable:
Select answers by clicking on text or image buttons
Random Order:
Randomize order of answers
Last Updated: Feb 16, 2017
Quiz Scoreboard
CHALLENGE
Sign Up to Join the Scoreboard
Show All
Scores
Hide
Comments
May contain spoilers
Recently Published
TV Characters by Other Roles V
by ghcgh
Television
5m
Decade Duel: World Leaders
by jenniferyan
History
4m
Alphabetical 'K' Countries by Flag Minefield
by ylime102
Geography
3m
More to Explore
Quiz From the Vault
Featured Blog Post
15 Basketball Trivia Facts You Can Be March Mad About
hide this ad
You Might Also Like...
Tags
Clickable Quiz
Geometry
Today's Top Quizzes in Science
Browse Science
hide this ad
Today's Top Quizzes in Clickable
Browse Clickable
Top Contributed Quizzes in Science
1
Pick 6: Animals
2
Group Clicking: Animals II
3
Find the Spring Animals
4
what months are considered part of the spring season/us
5
The First 100 Digits of Pi
6
Why is the sky blue? And other physics questions.
7
Flowers by Accent Chairs
8
Foot Bones
9
Needlepoint Flowers
10
Flowers, Torn Apart
Explore More
Trending Topics
Harry Potter
Anime
Crossword
Disney
NBA
Marvel
Kpop
Song
Soccer
WWE
NFL
The Office
Puzzle
Country
Pokémon
hide this ad
More By:
ALEXERNST
Quiz
Plays
Rating
Category
Featured
Created
Futurama Characters
226
2.67
Television
May 7, 2013
Geometry Figures
71
4.00
Science
May 13, 2013
Match the Character and the Book
60
2.60
Literature
May 9, 2013
Go to Creator's Profile
Score Distribution
Quiz Creator Spotlight
ALEXERNST
Follow
Send a Message
Quizzes Created
-
Created Quiz Play Count
-
More By This Creator
Popular Quizzes Today
1
Countries of Asia Without Outlines Minefield
2
Find the US States - No Outlines Minefield
3
Pick 6: Fruits
4
The Countries of the World
5
Find the Countries of Europe - No Outlines Minefield
6
Alphabetical 'K' Countries by Flag Minefield
7
Find the US States
8
US States
More Science Quizzes
First 10 Periodic Elements in Order
Quiz Lab
Trending Quizzes
Pick 6: Mountains
Pick 6: Harry Potter
Pick 6: NFL Teams
Pick 6: Flags
C Names for Actors
Recently Updated
Adaptations: Name the Title
pecheneg
NWSL Teams
pecheneg
Women's Final Four Teams by Year
bhenderson79
Presidents Quartet II
eogle
Anything But Clue(do)
eogle
Anything But Oceanian Capitals
eogle
Anything But 7
eogle
Anything But Thing
eogle
Word Ladder: February 29
pecheneg
Song Title Questions
pecheneg
Trending Topics
Harry Potter
Kpop
Crossword
Anime
Disney
Marvel
NBA
Pokémon
Country
NFL
Soccer
WWE
The Office
Puzzle
Song
Your Account Isn't Verified!
In order to create a playlist on Sporcle, you need to verify the email address you used during registration. Go to your
Sporcle Settings
to finish the process.
Report this User
Report this user for behavior that violates our
Community Guidelines
.
Details:
Send Report
Go to the Sporcle.com Mobile Site →
Comments